Hands-on social marketing : a step-by-step guide
Αποθηκεύτηκε σε:
| Κύριος συγγραφέας: | |
|---|---|
| Μορφή: | Βιβλίο |
| Γλώσσα: | English |
| Δημοσίευση: |
Thousand Oaks, Calif :
Sage Publications,
c1999
|
| Θέματα: | |
| Ετικέτες: |
Προσθήκη ετικέτας
Δεν υπάρχουν, Καταχωρήστε ετικέτα πρώτοι!
|
MARC
| LEADER | 00000nam a2200000 i 4500 | ||
|---|---|---|---|
| 001 | 1/79844 | ||
| 008 | 080402s1999 eng d | ||
| 020 | |a 0-7619-0867-6 (pbk.) | ||
| 035 | |l 10096066 | ||
| 040 | |a GR-MY-UA |b gre |e aacr | ||
| 041 | 0 | |a eng | |
| 082 | 0 | |a 658.8 |2 (22) | |
| 100 | 1 | |a Weinreich, Nedra Kline. | |
| 245 | 1 | 0 | |a Hands-on social marketing : |b a step-by-step guide / |c Nedra Kline Weinreich |
| 260 | |a Thousand Oaks, Calif : |b Sage Publications, |c c1999 | ||
| 300 | |a x, 262 σ.; |c 28 εκ. | ||
| 504 | |a Βιβλιογραφία: σ. 223-240 | ||
| 504 | |a Ευρετήριο: σ. 257-261 | ||
| 650 | 0 | 0 | |a Social marketing. |
| 852 | |a INST |b LESVOS |e 20080402 |h 658.8 WEI |p 005100038685 |q 005100038685 |t BK |y 0 | ||
| 901 | |a BIBL1-2008-1 | ||
| 909 | |a Λ |b 144857 | ||
| 922 | |a 1ΕΛΗ |b 200801 |c ΕΠΕΑΕΚ2/ΤΠ |d ΕΛΕΥΘΕΡΟΥΔΑΚΗΣ | ||
| 970 | |a ΓΙΑΛΑΜΑ |b ΜΑΡΙΑ |z 2008/04/02 | ||